Представление документа в формате RUSMARC

ПолеНазваниеЗначение
  Тип записи a
  Библиографический уровень a
001 Контрольный номер RU/УОНБ/EK_KRAY/320896093
005 Дата корректировки 20250324122504.9
100 Данные общей обработки __
a Данные общей обработки 20030512d2003 u u0rusy0103 ba
101 Язык документа 0_
a Язык текста rus
200 Заглавие и сведения об ответственности 1_
a Заглавие А так ли мы бедны!
f Первые сведения об ответственности А. Лапин
210 Выходные данные 1_
d Дата издания 2003
330 Аннотация __
a Аннотация Уровень жизни в Ульяновской области.
461 Уровень набора _0
1 2001
a Ульяновская правда
463 Уровень физической единицы _0
1 2000
a 26 марта.
1 210
d 2003
610 Ключевые слова 0_
a Ключевые слова уровень жизни населения
610 Ключевые слова 0_
a Ключевые слова материальное положение
610 Ключевые слова 0_
a Ключевые слова доход
686 Индексы других классификаций __
a Классификационный индекс 65.630-645
2 Код системы rubbk
700 Автор _1
a Фамилия Лапин
b Имя (инициалы) А.
801 Источник записи _0
a Страна RU
b Организация Ульяновская ОНБ
c Дата составления 20030512
g Правила каталогизации PSBO
801 Источник записи _1
a Страна RU
b Организация Ульяновская ОНБ
c Дата составления 20030512
901 Тип документа __
t Тип документа b
938 Служебная информация __
a Имя БД kraeved_work
b Имя библиотеки УОНБ
c Имя АИБС МАРК-SQL
d Номер DOC_ID в БД 40034